000 00686nam a2200217 a 4500
001 55026
003 BD-RjUL
005 20211209080214.0
008 161113s1965 enk 000 0 eng d
035 _a(BD-RjULL)55148
040 _aEQO
_cEQO
_beng
_dBD-RjUL
041 _aeng
082 _223
_a373.246
_bJOG 1965
100 1 _aJones, Goronwy John.
_9164052
245 1 0 _aGeneral studies for technical students :
_ba classbook for apprentices and other technical students /
_cGoronwy J. Jones
260 _aLondon :
_bThe English Universities Press limited,
_cc1965.
300 _av. :
_bill. ;
_c19 cm.
505 _aV.-2--
650 _aVocational Schools.
_9199069
942 _2ddc
_cBK
999 _c55026
_d55026